Rozpoznávanie tvárí na základe dekompozície binárnych tenzorov

Uložené v:
Podrobná bibliografia
Hlavný autor: Sirota, Martin, 1986- (Autor)
Ďalší autori: Mažgut, Jakub, 1982- (Vedúci práce)
Médium: Rukopis Kniha
Jazyk:Slovak
Vydavateľské údaje: Bratislava : STU v Bratislave FIIT, 2010
Predmet:
On-line prístup:VAIS
Tagy: Pridať tag
Žiadne tagy, Buďte prvý, kto otaguje tento záznam!

MARC

LEADER 00000ntm a22000003a 4500
001 stu218446
005 20150617230115.6
008 101203s2010----xo------------------slo-d
040 |a STU  |b slo 
041 0 |a slo 
044 |a xo 
100 1 |a Sirota, Martin,  |d 1986-  |4 aut  |u I200  |U FIIT Fakulta informatiky a informačných technológií  |T FIIT Ústav informatiky a softvérového inžinierstva  |X 16987  |U I200  |Y 179  |7 A000016987 
242 0 0 |a Face recognition based on binary tensor decomposition  |y eng 
245 1 |a Rozpoznávanie tvárí na základe dekompozície binárnych tenzorov 
260 |a Bratislava :  |b STU v Bratislave FIIT,  |c 2010 
300 |a 38 s  |c príl. 
650 7 |a softvérové inžinierstvo  |2 stusub 
650 7 |a Software Engineering  |2 estusub 
650 7 |a classification  |2 estusub 
650 7 |a dekompozícia  |2 stusub 
650 7 |a klasifikácia  |2 stusub 
700 1 |a Mažgut, Jakub,  |d 1982-  |4 ths  |u I200  |U FIIT Fakulta informatiky a informačných technológií  |T FIIT Ústav informatiky a softvérového inžinierstva  |X 21320  |U I200  |Y 179  |7 A000021320 
856 4 |a info a plný text  |u http://is.stuba.sk/zp/portal_zp.pl?podrobnosti=57374  |3 VAIS 
996 |c I*DP106/10  |l II680  |s P  |a 0  |w stu218446_0001